000 00957nam a2200253 a 4500
001 000038913
005 20240604194808.0
008 130503s2005 dr 000 0 spa d
040 _aDO-SdBNP
_bspa
_cBNPHU
082 _a300
_aI61c, 2005
245 0 0 _aIntroducción a las ciencias sociales :
_bICS-011 texto guía de consulta /
_cCeledonio Jiménez Santos ... [et al.].
246 1 3 _aIC-011:
_bTexto guía de consulta
250 _a4a ed.
260 _aSanto Domingo :
_bUniversitaria-UASD,
_c2005.
300 _a320 p. :
_bil. ;
_c21 cm.
490 1 _aPublicaciones de la Universidad Autónoma de Santo Domingo
_v858
490 1 _aEstudios sociales
_v1
590 _aInventariado, 2018/VM
650 0 _aCiencias sociales
_91065
700 1 2 _aJiménez Santos, Celedonio
_914500
830 0 _aPublicaciones de la Universidad Autónoma de Santo Domingo
_n858
_965178
830 0 _aEstudios sociales
_n1
_914502
910 _aValidado. Control de calidad MFF
999 _c38403
_d38403